00592 2200241 4500001002100000005001700021008004100038020001800079035002400097082001100121090002100132100001700153245002600170250001100196260003100207300002400238440001400262650002300276850001500299980001500314985000600329999001500335YOGYA-0209000006763520090227092008.0 ind  a979-672-691-2 0010-020900000067635 a028.55 a028.55bHan BlK aHANAFI, Tevi aBerliburcTevi Hanafi aCet. 1 aYogyakartabKanisiusc2000 a24 hlmbilusc22 cm aSeri Olin aBacaan kanak-kanak aYODDIY JSC a31-12-2008 a1 a00P0005244